Sports Quiz

Random Sports or NFL Quiz
Score 0/25 Timer 07:00
0 Plays Today
Rush Yards Quarterback % Correct
3881Michael Vick
96%
4239Steve Young
86.7%
3169Donovan McNabb
79%
4928Randall Cunningham
74.5%
1827Brett Favre
72.3%
3407John Elway
66.9%
3590Steve McNair
58.4%
3674Fran Tarkenton
57.2%
2605Daunte Culpepper
57.1%
2197Archie Manning
52.5%
2257Terry Bradshaw
36%
2424Mark Brunell
33.3%
2264Roger Staubach
33.2%
Rush Yards Quarterback % Correct
2142Jeff Garcia
30.6%
2874Kordell Stewart
28.8%
2449Rich Gannon
27.5%
1853Jake Plummer
20.9%
2220Ken Anderson
15.4%
2176Steve Grogan
11.3%
2451Bobby Layne
10.6%
2787Jim Harbaugh
10.2%
2027Jeff Blake
8.9%
2654Bobby Douglass
8.7%
2655Greg Landry
3.8%
3128Tobin Rote
2.1%

You're not logged in!

Compare scores with friends on all Sporcle quizzes.
OR
Log In

Sporcle TV

Today on Sporcle TV


Watch our educational content, quiz creation guides, and fun videos on Sporcle TV.

Show Comments

Extras

Top Quizzes Today


Score Distribution

Paid Content

Your Account Isn't Verified!

In order to create a playlist on Sporcle, you need to verify the email address you used during registration. Go to your Sporcle Settings to finish the process.

Report this User

Report this user for behavior that violates our Community Guidelines.

Details: